[Event "Estrie op"]
[Site "Sherbrooke CAN"]
[Date "1999.12.04"]
[Round "2"]
[White "Schleifer, Michael"]
[Black "Soudre, Nicolas"]
[Result "1-0"]
[WhiteElo "2391"]
[BlackElo "2191"]
[PlyCount "88"]
[GameId "2160767911741765"]
[EventDate "1999.12.03"]
[EventType "swiss"]
[EventRounds "5"]
[EventCountry "CAN"]
[SourceTitle "EXT 2022"]
[Source "ChessBase"]
[SourceDate "2021.10.06"]
[SourceVersion "1"]
[SourceVersionDate "2021.10.06"]
[SourceQuality "1"]

1. d4 e6 2. c4 Nf6 3. Nc3 d5 4. Bg5 Be7 5. e3 O-O 6. Nf3 c6 7. Qc2 Ne4 8. Bxe7 Qxe7 9. Nxe4 dxe4 10. Qxe4 Qb4+ 11. Nd2 Qxb2 12. Qb1 Qxb1+ 13. Rxb1 Nd7 14. Be2 e5 15. O-O exd4 16. exd4 Rd8 17. Nb3 Nf6 18. Rfd1 Bf5 19. Rb2 b6 20. a4 Rd7 21. f3 Re8 22. Kf2 Rde7 23. Bf1 Re3 24. Rdd2 Rc3 25. a5 Ree3 26. axb6 axb6 27. Na1 Nd7 28. Nc2 Re8 29. Nb4 c5 30. dxc5 Nxc5 31. Nd5 Nd3+ 32. Bxd3 Rxd3 33. Rxd3 Bxd3 34. Nxb6 Re6 35. Nd5 h6 36. Nf4 Rc6 37. Nxd3 Rxc4 38. Ne5 Rc8 39. f4 f6 40. Ng6 Kf7 41. f5 Rc5 42. Rb7+ Ke8 43. g4 h5 44. h3 Rc3 1-0

[Event "Estrie op"]
[Site "Sherbrooke CAN"]
[Date "1999.12.04"]
[Round "3"]
[White "Auger, Bertrand"]
[Black "Masse, Hugues"]
[Result "1-0"]
[WhiteElo "2067"]
[BlackElo "1906"]
[PlyCount "75"]
[GameId "2160767911741766"]
[EventDate "1999.12.03"]
[EventType "swiss"]
[EventRounds "5"]
[EventCountry "CAN"]
[SourceTitle "EXT 2022"]
[Source "ChessBase"]
[SourceDate "2021.10.06"]
[SourceVersion "1"]
[SourceVersionDate "2021.10.06"]
[SourceQuality "1"]

1. Nf3 Nf6 2. g3 d5 3. b3 Bf5 4. Bg2 e6 5. Bb2 Be7 6. O-O Nbd7 7. d3 h6 8. Nbd2 O-O 9. c4 c6 10. Qc2 Bh7 11. a3 a5 12. Bc3 b5 13. cxb5 cxb5 14. b4 Rc8 15. Qb3 a4 16. Qb2 Qb6 17. Ne5 Nxe5 18. Bxe5 Rc6 19. Nf3 Rd8 20. Rac1 Rdc8 21. Nd4 Rxc1 22. Rxc1 Rxc1+ 23. Qxc1 Ng4 24. Qc8+ Bd8 25. Bb8 Bg6 26. e3 Kh7 27. Nc6 Bxd3 28. Nxd8 Nxe3 29. Nc6 Nf5 30. Ba7 Nd6 31. Qd7 Qb7 32. Qxd6 Be4 33. Bd4 Bf5 34. Qf8 f6 35. Ne7 h5 36. Qg8+ Kh6 37. Be3+ g5 38. Qh8+ 1-0

[Event "Estrie op"]
[Site "Sherbrooke CAN"]
[Date "1999.12.04"]
[Round "3"]
[White "Benic, Goran"]
[Black "Morin, Louis"]
[Result "0-1"]
[WhiteElo "1855"]
[BlackElo "1879"]
[PlyCount "100"]
[GameId "2160767911741767"]
[EventDate "1999.12.03"]
[EventType "swiss"]
[EventRounds "5"]
[EventCountry "CAN"]
[SourceTitle "hb 2013"]

1. d4 d5 2. c4 e6 3. Nf3 c5 4. cxd5 exd5 5. Nc3 Nc6 6. g3 Nf6 7. Bg2 Be7 8. O-O O-O 9. Bg5 Be6 10. Bxf6 Bxf6 11. dxc5 Bxc3 12. bxc3 Qa5 13. Qd3 Qxc5 14. Ng5 g6 15. Nxe6 fxe6 16. Bh3 Rae8 17. Rab1 Rf7 18. e3 Ne5 19. Qb5 Nf3+ 20. Kg2 Qxb5 21. Rxb5 Nd2 22. Rc1 Ne4 23. f4 Rc7 24. Ra5 a6 25. Ra3 Kf7 26. Rb3 b5 27. Bg4 Rec8 28. Bf3 Nxc3 29. a3 Rc4 30. h4 R8c7 31. h5 Na4 32. hxg6+ hxg6 33. Rh1 Kg7 34. g4 Rc2+ 35. Kg3 R7c3 36. Rbb1 Rxe3 37. g5 Rcc3 38. Rbf1 Rxa3 39. Kg4 Nc5 40. Rh3 Nd7 41. Rfh1 Nf8 42. Rc1 Rac3 43. Rb1 Rc4 44. Kg3 b4 45. Rh2 a5 46. Ra1 Rcc3 47. Rf2 a4 48. Kg2 b3 49. Bd1 Re1 50. f5 gxf5 0-1

[Event "Estrie op"]
[Site "Sherbrooke CAN"]
[Date "1999.12.04"]
[Round "3"]
[White "Gravel, Simon M"]
[Black "Schleifer, Michael"]
[Result "0-1"]
[WhiteElo "2316"]
[BlackElo "2391"]
[PlyCount "94"]
[GameId "2160767911741768"]
[EventDate "1999.12.03"]
[EventType "swiss"]
[EventRounds "5"]
[EventCountry "CAN"]
[SourceTitle "EXT 2022"]
[Source "ChessBase"]
[SourceDate "2021.10.06"]
[SourceVersion "1"]
[SourceVersionDate "2021.10.06"]
[SourceQuality "1"]

1. e4 e6 2. d4 b6 3. Nf3 Bb7 4. Bd3 c5 5. O-O cxd4 6. Nxd4 Nc6 7. Nxc6 Bxc6 8. c4 Bc5 9. Nc3 Qh4 10. Qf3 Nf6 11. Bf4 O-O 12. Rad1 Nh5 13. Bg3 Qg5 14. Be2 Nxg3 15. Qxg3 Qxg3 16. hxg3 f5 17. Bf3 f4 18. gxf4 Rxf4 19. Ne2 Rf7 20. Nd4 e5 21. Nxc6 dxc6 22. Bg4 Rf6 23. Rd2 Bd4 24. Bf5 Kf8 25. g3 g6 26. Bg4 Ke7 27. Kg2 h5 28. Bd1 a5 29. Re1 Raf8 30. Ree2 g5 31. Rc2 g4 32. Red2 R8f7 33. Kf1 Kf8 34. Kg2 Kg7 35. Re2 Kg6 36. Rcd2 Kg5 37. Ba4 h4 38. gxh4+ Kxh4 39. a3 Kg5 40. Rc2 Rh6 41. Rc1 Rf3 42. Rd1 Rfh3 43. Rg1 Rh2+ 44. Kf1 Rf6 45. Bxc6 Rhxf2+ 46. Rxf2 Rxf2+ 47. Ke1 Rf6 0-1

[Event "Estrie op"]
[Site "Sherbrooke CAN"]
[Date "1999.12.04"]
[Round "3"]
[White "Lacroix, Serge"]
[Black "Tisseur, Daniel"]
[Result "1/2-1/2"]
[WhiteElo "1981"]
[BlackElo "1913"]
[PlyCount "59"]
[GameId "2160767911741769"]
[EventDate "1999.12.03"]
[EventType "swiss"]
[EventRounds "5"]
[EventCountry "CAN"]
[SourceTitle "Lacroix"]

1. e4 c5 2. Nf3 Nc6 3. d4 cxd4 4. Nxd4 g6 5. Nxc6 bxc6 6. Qd4 Nf6 7. e5 Nd5 8. e6 f6 9. exd7+ Bxd7 10. c4 Nb4 11. Qd2 Bg4 12. Na3 Qb6 13. f3 Bf5 14. Qf2 Qa5 15. Bd2 Qe5+ 16. Be3 Qa5 17. Qd2 e5 18. Kf2 Rd8 19. Qc3 Bc5 20. Be2 Nd3+ 21. Bxd3 Bxe3+ 22. Kxe3 Rxd3+ 23. Qxd3 Bxd3 24. Kxd3 O-O 25. Rad1 Qb4 26. Kc2 Rb8 27. Rb1 Qa4+ 28. Kc3 Rd8 29. Nc2 c5 30. a3 1/2-1/2

[Event "Estrie op"]
[Site "Sherbrooke CAN"]
[Date "1999.12.05"]
[Round "4"]
[White "Fortin, Marc"]
[Black "Auger, Bertrand"]
[Result "1/2-1/2"]
[WhiteElo "2043"]
[BlackElo "2067"]
[PlyCount "82"]
[GameId "2160767911741770"]
[EventDate "1999.12.03"]
[EventType "swiss"]
[EventRounds "5"]
[EventCountry "CAN"]
[SourceTitle "EXT 2022"]
[Source "ChessBase"]
[SourceDate "2021.10.06"]
[SourceVersion "1"]
[SourceVersionDate "2021.10.06"]
[SourceQuality "1"]

1. e4 e6 2. d4 d5 3. Nd2 Nf6 4. e5 Nfd7 5. Bd3 c5 6. c3 Nc6 7. Ne2 cxd4 8. cxd4 f6 9. exf6 Nxf6 10. Nf3 Qc7 11. O-O Bd6 12. Ng3 O-O 13. Bg5 h6 14. Bd2 g5 15. Rc1 Qg7 16. Be3 Bd7 17. a3 Be8 18. Re1 Bg6 19. b4 Ne4 20. Bxe4 dxe4 21. Nd2 Bxg3 22. hxg3 Rad8 23. Nb3 Ne5 24. Nc5 Qf7 25. Qb3 Nd3 26. Nxd3 exd3 27. Red1 Rc8 28. Rc3 Kh7 29. Rdc1 Rxc3 30. Rxc3 Rd8 31. Qd1 Rd7 32. Qc1 Qe7 33. Rc5 Qd6 34. Qc4 Be4 35. Re5 Bf5 36. g4 Bxg4 37. Qxd3+ Bf5 38. Qc3 Rc7 39. Rc5 Rd7 40. Qc4 Be4 41. Re5 Bf5 1/2-1/2

[Event "Estrie op"]
[Site "Sherbrooke CAN"]
[Date "1999.12.05"]
[Round "4"]
[White "Masse, Hugues"]
[Black "Lacroix, Serge"]
[Result "0-1"]
[Annotator "Incomplete"]
[WhiteElo "1906"]
[BlackElo "1981"]
[PlyCount "67"]
[GameId "2160767739837744"]
[EventDate "1999.12.03"]
[EventType "swiss"]
[EventRounds "5"]
[EventCountry "CAN"]
[SourceTitle "Lacroix"]

1. e4 e5 2. Nf3 Nc6 3. Bb5 a6 4. Ba4 Nf6 5. O-O Be7 6. Qe2 b5 7. Bb3 d6 8. c3 O-O 9. d4 Re8 10. Rd1 Bg4 11. d5 Na5 12. Bc2 c6 13. dxc6 Nxc6 14. h3 Be6 15. Nbd2 Qc7 16. a4 Rab8 17. Bd3 Red8 18. c4 Nb4 19. Bb1 Rdc8 20. axb5 axb5 21. cxb5 Bd7 22. b6 Qxb6 23. Nc4 Qc5 24. b3 Bb5 25. Nfd2 Ra8 26. Rxa8 Rxa8 27. Qf3 Nc6 28. Bb2 Nd7 29. Qe3 Nd4 30. Re1 Qa7 31. Nf3 Nxf3+ 32. Qxf3 Rc8 33. Qe3 Qa6 34. Na3 {etc.} 0-1

[Event "Estrie op"]
[Site "Sherbrooke CAN"]
[Date "1999.12.05"]
[Round "4"]
[White "Schleifer, Michael"]
[Black "Larochelle, Martial"]
[Result "1-0"]
[WhiteElo "2391"]
[BlackElo "2195"]
[PlyCount "105"]
[GameId "2160767911741771"]
[EventDate "1999.12.03"]
[EventType "swiss"]
[EventRounds "5"]
[EventCountry "CAN"]
[SourceTitle "EXT 2022"]
[Source "ChessBase"]
[SourceDate "2021.10.06"]
[SourceVersion "1"]
[SourceVersionDate "2021.10.06"]
[SourceQuality "1"]

1. d4 d5 2. c4 Nc6 3. Nc3 Nf6 4. Bg5 dxc4 5. d5 Ne5 6. Qd4 Ng6 7. Qxc4 e5 8. e4 Bd6 9. f3 a6 10. Nge2 h6 11. Be3 Nh5 12. g3 O-O 13. Bg2 Bd7 14. O-O Qc8 15. a4 Bh3 16. b4 Bxg2 17. Kxg2 Qd7 18. a5 Rfc8 19. Na4 Qb5 20. Qxb5 axb5 21. Nc5 b6 22. axb6 cxb6 23. Nd3 Rxa1 24. Rxa1 Rc4 25. Bxb6 Bxb4 26. Rb1 Bd6 27. Rxb5 Nf6 28. Bc5 Bxc5 29. Nxc5 Nf8 30. Kf2 Ne8 31. Nd3 Nd7 32. Rb7 Nef6 33. Ke3 Kf8 34. Nb4 Ke7 35. Nc6+ Kd6 36. Ra7 Rc2 37. Nb4 Rc4 38. Ra6+ Kc5 39. Nd3+ Kb5 40. Ra2 Kb6 41. Kd2 g5 42. g4 h5 43. h3 hxg4 44. hxg4 Ne8 45. Nc3 Nd6 46. Rb2+ Ka5 47. Ra2+ Kb6 48. Nd1 Nxe4+ 49. fxe4 Rxe4 50. Ne3 Nf6 51. Nxe5 Kc7 52. Ra7+ Kc8 53. Nc6 1-0

[Event "Estrie op"]
[Site "Sherbrooke CAN"]
[Date "1999.12.05"]
[Round "4"]
[White "Tessier, Olivier"]
[Black "Morin, Louis"]
[Result "1/2-1/2"]
[WhiteElo "1858"]
[BlackElo "1879"]
[PlyCount "46"]
[GameId "2160767911741772"]
[EventDate "1999.12.03"]
[EventType "swiss"]
[EventRounds "5"]
[EventCountry "CAN"]
[SourceTitle "EXT 2022"]
[Source "ChessBase"]
[SourceDate "2021.10.06"]
[SourceVersion "1"]
[SourceVersionDate "2021.10.06"]
[SourceQuality "1"]

1. d4 d5 2. c4 e6 3. Nf3 c5 4. Nc3 Nc6 5. cxd5 exd5 6. Bf4 Nf6 7. e3 Be7 8. Be2 O-O 9. O-O a6 10. Rc1 Be6 11. b3 cxd4 12. Nxd4 Ba3 13. Rc2 Nb4 14. Rd2 Rc8 15. Qa1 Rxc3 16. Qxc3 Ne4 17. Nxe6 fxe6 18. Qd4 Nxd2 19. Qxd2 Qe7 20. Bf3 Rc8 21. e4 Rc2 22. Qd4 Nc6 23. Qd3 Nb4 1/2-1/2

[Event "Estrie op"]
[Site "Sherbrooke CAN"]
[Date "1999.12.05"]
[Round "5"]
[White "Auger, Bertrand"]
[Black "Lacroix, Serge"]
[Result "1/2-1/2"]
[WhiteElo "2067"]
[BlackElo "1981"]
[PlyCount "86"]
[GameId "2160767911741773"]
[EventDate "1999.12.03"]
[EventType "swiss"]
[EventRounds "5"]
[EventCountry "CAN"]
[SourceTitle "EXT 2022"]
[Source "ChessBase"]
[SourceDate "2021.10.06"]
[SourceVersion "1"]
[SourceVersionDate "2021.10.06"]
[SourceQuality "1"]

1. Nf3 Nf6 2. g3 e6 3. Bg2 d5 4. b3 Be7 5. Bb2 c5 6. O-O Nc6 7. Na3 O-O 8. c4 d4 9. d3 e5 10. Nc2 Bf5 11. Nh4 Bg4 12. h3 Be6 13. e3 Qd7 14. exd4 exd4 15. Kh2 g5 16. Nf3 g4 17. hxg4 Nxg4+ 18. Kg1 a5 19. Re1 Bf5 20. a3 Bf6 21. Nh2 Rfe8 22. Nxg4 Bxg4 23. Qd2 Bg7 24. Re4 Rxe4 25. Bxe4 Bf5 26. Re1 Re8 27. Qf4 Bxe4 28. Rxe4 Rxe4 29. Qxe4 f5 30. Qe2 Kf8 31. Bc1 Qe7 32. Qh5 Qf6 33. Qxh7 Ne5 34. Ne1 Ng6 35. Qh5 Ne5 36. Bg5 Qe6 37. Qe2 Qc6 38. f4 Ng4 39. Qe7+ Kg8 40. Ng2 Qf3 41. Qe6+ Kh8 42. Qc8+ Kh7 43. Qxf5+ Kh8 1/2-1/2

[Event "Estrie op"]
[Site "Sherbrooke CAN"]
[Date "1999.12.05"]
[Round "5"]
[White "Morin, Louis"]
[Black "Trottier, Julie"]
[Result "1-0"]
[WhiteElo "1879"]
[BlackElo "1744"]
[PlyCount "111"]
[GameId "2160767911741774"]
[EventDate "1999.12.03"]
[EventType "swiss"]
[EventRounds "5"]
[EventCountry "CAN"]
[SourceTitle "hb 2013"]

1. e4 c5 2. d4 cxd4 3. c3 dxc3 4. Nxc3 Nc6 5. Nf3 d6 6. Bc4 e6 7. O-O Be7 8. Qe2 Nf6 9. Rd1 Qc7 10. Bf4 a6 11. Rac1 O-O 12. Bb3 Nh5 13. Be3 Qa5 14. Nd5 exd5 15. Rxd5 Qd8 16. Rxh5 Bg4 17. Rd5 Ne5 18. Bf4 Nxf3+ 19. gxf3 Be6 20. Rd3 Qb6 21. Rcd1 Rfd8 22. Bd5 Rd7 23. Rb3 Qa5 24. Bd2 Qd8 25. Be3 Bxd5 26. Rxd5 b5 27. Qd2 Qc7 28. Rc3 Qb7 29. Rcd3 Rad8 30. Bf4 Qc6 31. e5 h6 32. Rc3 Qb6 33. Qc2 dxe5 34. Rxd7 Rxd7 35. Rc6 Qa5 36. Rc8+ Rd8 37. Rxd8+ Qxd8 38. Bxe5 Kf8 39. Qc3 Bf6 40. Bxf6 Qxf6 41. Qxf6 gxf6 42. Kg2 Kg7 43. Kg3 f5 44. f4 a5 45. Kf3 Kf6 46. Ke3 Ke6 47. Kd4 Kd6 48. f3 h5 49. b3 b4 50. Kc4 Kc6 51. Kd4 f6 52. Kc4 h4 53. h3 Kb6 54. Kd5 a4 55. Kc4 Ka5 56. Kc5 1-0

[Event "Fathers Day op"]
[Site "Toronto CAN"]
[Date "1999.06.18"]
[Round "1"]
[White "Kowalczyk, Tony"]
[Black "Cohen, David"]
[Result "1-0"]
[WhiteElo "1918"]
[BlackElo "2067"]
[PlyCount "45"]
[GameId "2160767911743282"]
[EventDate "1999.06.18"]
[EventType "swiss"]
[EventRounds "5"]
[EventCountry "CAN"]

1. e4 c5 2. Nf3 d6 3. d4 cxd4 4. Nxd4 Nf6 5. Nc3 Nc6 6. Bc4 e6 7. Be3 d5 8. Nxc6 bxc6 9. exd5 cxd5 10. Bb5+ Bd7 11. Bxd7+ Qxd7 12. O-O Be7 13. Bd4 O-O 14. Qf3 Rfc8 15. Rad1 Ne8 16. Rfe1 Bf6 17. Bxf6 Nxf6 18. Rd4 Rab8 19. b3 Qc7 20. Re3 Ne4 21. Nxe4 dxe4 22. Qxe4 Qxc2 23. Rd8+ 1-0

[Event "Fathers Day op"]
[Site "Toronto CAN"]
[Date "1999.06.19"]
[Round "2"]
[White "Cohen, David"]
[Black "Kagramanov, Dina"]
[Result "1/2-1/2"]
[WhiteElo "2067"]
[BlackElo "1880"]
[PlyCount "52"]
[GameId "2160767911743283"]
[EventDate "1999.06.18"]
[EventType "swiss"]
[EventRounds "5"]
[EventCountry "CAN"]

1. e4 e6 2. d4 d5 3. e5 c5 4. c3 Qb6 5. Nf3 Nc6 6. Be2 Bd7 7. O-O cxd4 8. cxd4 Nge7 9. b3 O-O-O 10. Bb2 Nf5 11. a3 f6 12. b4 a6 13. Qd3 Nce7 14. Nc3 Kb8 15. Rfe1 Ng6 16. Qd2 Rc8 17. Bd1 Be7 18. Bc2 Nfh4 19. Nxh4 Nxh4 20. Ba4 Qd8 21. Bc2 f5 22. Na4 Bxa4 23. Bxa4 Qb6 24. Rac1 g5 25. Rxc8+ Rxc8 26. Rc1 Ng6 1/2-1/2

[Event "Fathers Day op"]
[Site "Toronto CAN"]
[Date "1999.06.19"]
[Round "2"]
[White "Mitrovic, Bojana"]
[Black "Veltmann, Martin"]
[Result "0-1"]
[WhiteElo "1913"]
[BlackElo "2046"]
[PlyCount "140"]
[GameId "2160767911743284"]
[EventDate "1999.06.18"]
[EventType "swiss"]
[EventRounds "5"]
[EventCountry "CAN"]

1. d4 Nf6 2. g3 g6 3. Bg2 Bg7 4. Nf3 d6 5. O-O O-O 6. c4 c5 7. Nc3 Nc6 8. d5 Na5 9. Qd3 a6 10. e4 e5 11. Nd2 Rb8 12. a3 b6 13. b4 Nb7 14. b5 Na5 15. a4 Nh5 16. bxa6 Bxa6 17. Nb5 f5 18. Rb1 Bh6 19. Bh3 Bc8 20. Bg2 f4 21. Nb3 Nxb3 22. Qxb3 g5 23. Na7 Bd7 24. Rd1 Qf6 25. Rb2 f3 26. Bf1 g4 27. Bxh6 Qxh6 28. Qd3 Ra8 29. Nc6 Rxa4 30. Rxb6 Qg5 31. Rb7 Bc8 32. Ne7+ Kh8 33. Nxc8 Rxc8 34. Qb3 Raa8 35. Qb6 Qd8 36. Rb1 Nf6 37. Bd3 Ra3 38. Rd1 Qf8 39. Qb2 Rca8 40. Rc7 Qb8 41. Rb7 Qf8 42. Rc7 Qh6 43. Qb1 Qf8 44. Qb2 Qe8 45. Rc6 Qb8 46. Rb6 Qa7 47. Rb3 Ra2 48. Qc3 Qf7 49. Rdb1 Qh5 50. Qe1 Qg5 51. Rd1 Nd7 52. Rb7 Nb8 53. Rb6 Qh6 54. Rdb1 Na6 55. Rd1 Nb4 56. Bf1 Nc2 57. Qd2 Qf6 58. Rc1 Nd4 59. Rb8+ Kg7 60. Rb7+ Kg6 61. Qe3 R8a3 62. Rc3 Ra6 63. Rb1 Ne2+ 64. Bxe2 Rxe2 65. Qc1 Raa2 66. Qf1 Qg5 67. Rd1 Qh6 68. Rcd3 Rxf2 69. Qxf2 Rxf2 70. Kxf2 Qxh2+ 0-1

[Event "Fathers Day op"]
[Site "Toronto CAN"]
[Date "1999.06.19"]
[Round "3"]
[White "Barber, Dave"]
[Black "Cohen, David"]
[Result "0-1"]
[WhiteElo "1654"]
[BlackElo "2067"]
[PlyCount "100"]
[GameId "2160767911743285"]
[EventDate "1999.06.18"]
[EventType "swiss"]
[EventRounds "5"]
[EventCountry "CAN"]

1. e4 c5 2. Nf3 Nc6 3. Bc4 e6 4. O-O d6 5. c3 Nf6 6. Re1 Be7 7. d4 O-O 8. d5 Na5 9. Bd3 c4 10. Bc2 e5 11. b4 cxb3 12. axb3 b6 13. c4 Bg4 14. h3 Bh5 15. Qd3 Qc7 16. Nh4 Nb7 17. Qg3 Bg6 18. Nf5 Nc5 19. b4 Ncxe4 20. Rxe4 Bxf5 21. Re2 Bxc2 22. Rxc2 Nxd5 23. Qb3 Nf6 24. Nc3 Rfc8 25. Nb5 Qb7 26. Bg5 a6 27. Bxf6 axb5 28. Rxa8 Rxa8 29. Bxe7 Qxe7 30. cxb5 h6 31. Rc6 Ra1+ 32. Kh2 e4 33. Qd5 Qe5+ 34. Qxe5 dxe5 35. Rxb6 Rb1 36. Kg3 Rxb4 37. Rb8+ Kh7 38. Rb6 f5 39. Kh2 f4 40. g4 f3 41. Kg1 Rb1+ 42. Kh2 Rb2 43. Kg1 Rb4 44. Kh2 Rb1 45. Kg3 Rg1+ 46. Kh4 Rg2 47. Re6 Rxf2 48. Rxe5 Rh2 49. Rxe4 f2 50. Rf4 g5+ 0-1

[Event "Fathers Day op"]
[Site "Toronto CAN"]
[Date "1999.06.19"]
[Round "3"]
[White "Day, Lawrence"]
[Black "Livshits, Ron"]
[Result "1-0"]
[WhiteElo "2400"]
[BlackElo "2520"]
[PlyCount "81"]
[GameId "2160767911743286"]
[EventDate "1999.06.18"]
[EventType "swiss"]
[EventRounds "5"]
[EventCountry "CAN"]

1. e4 c5 2. Nf3 d6 3. c3 Nf6 4. Be2 Bg4 5. h3 Bh5 6. O-O e6 7. Nh4 Bxe2 8. Qxe2 Nc6 9. Nf3 Be7 10. d3 O-O 11. Nbd2 d5 12. e5 Nd7 13. Rd1 Qc7 14. d4 cxd4 15. cxd4 Rfc8 16. Nf1 Qd8 17. Ne1 a5 18. Qg4 Qf8 19. a3 Na7 20. Bd2 Nb5 21. Ne3 Nb8 22. a4 Nc7 23. f4 g6 24. f5 Nc6 25. fxe6 Nxe6 26. Bc3 Rd8 27. N1c2 Bg5 28. Qf3 Ne7 29. Rf1 b6 30. Rf2 Bh6 31. h4 Bxe3 32. Nxe3 Ng7 33. Ng4 Nh5 34. Qd3 Ra7 35. Raf1 Nc6 36. Qe3 Kh8 37. Nh6 f5 38. exf6 Re8 39. Qg5 Nd8 40. f7 Ree7 41. Qxd5 1-0

[Event "Fathers Day op"]
[Site "Toronto CAN"]
[Date "1999.06.19"]
[Round "3"]
[White "Veltmann, Martin"]
[Black "Wang, Hao Yuan"]
[Result "0-1"]
[WhiteElo "2046"]
[BlackElo "2072"]
[PlyCount "107"]
[GameId "2160767911743287"]
[EventDate "1999.06.18"]
[EventType "swiss"]
[EventRounds "5"]
[EventCountry "CAN"]

1. c4 c5 2. Nc3 g6 3. Nf3 Bg7 4. d4 Nc6 5. e3 cxd4 6. Nxd4 Nxd4 7. exd4 Nf6 8. Be3 O-O 9. Be2 d5 10. O-O a6 11. c5 Bd7 12. Na4 Bxa4 13. Qxa4 Nd7 14. Bf3 e6 15. Rfd1 Qc7 16. Rac1 Rac8 17. g3 Qc6 18. Qb3 Nf6 19. Bg2 Rfd8 20. Bg5 h6 21. Bf4 Ne4 22. f3 Nf6 23. Qe3 Kh7 24. Be5 Nd7 25. Bxg7 Kxg7 26. b4 Qa4 27. Qb3 Qxb3 28. axb3 Nb8 29. Bf1 Nc6 30. b5 axb5 31. Bxb5 Nb4 32. Kf2 Ra8 33. Rd2 Ra3 34. Ba4 Ra8 35. Rb1 Kf6 36. Ke2 Na2 37. Rc2 Ke7 38. f4 Kd8 39. Kd2 Nb4 40. Rcb2 Kc7 41. Bb5 Nc6 42. Bxc6 Kxc6 43. g4 Kb5 44. f5 exf5 45. gxf5 Ra2 46. fxg6 Rxb2+ 47. Rxb2 fxg6 48. Kc3 Rf8 49. Rg2 Rf3+ 50. Kc2 g5 51. Re2 Rh3 52. Rf2 h5 53. Rf6 Rxh2+ 54. Kc1 0-1

[Event "Fathers Day op"]
[Site "Toronto CAN"]
[Date "1999.06.20"]
[Round "4"]
[White "Cohen, David"]
[Black "Veltmann, Martin"]
[Result "1/2-1/2"]
[WhiteElo "2046"]
[BlackElo "2067"]
[PlyCount "50"]
[GameId "2160767911743288"]
[EventDate "1999.06.18"]
[EventType "swiss"]
[EventRounds "5"]
[EventCountry "CAN"]

1. e4 c5 2. Nf3 d6 3. d4 cxd4 4. Nxd4 Nf6 5. Nc3 e6 6. Be2 Be7 7. O-O Nc6 8. Be3 O-O 9. f4 a6 10. Bf3 Qc7 11. Qe1 Nxd4 12. Bxd4 e5 13. fxe5 dxe5 14. Qg3 Bc5 15. Bxc5 Qxc5+ 16. Rf2 Be6 17. Be2 Kh8 18. Raf1 b5 19. a3 Rad8 20. Kh1 Rd2 21. Qg5 Rxe2 22. Rxe2 Bc4 23. Rxf6 Bxe2 24. Nxe2 gxf6 25. Qxf6+ Kg8 1/2-1/2

[Event "Fathers Day op"]
[Site "Toronto CAN"]
[Date "1999.06.20"]
[Round "5"]
[White "Lentini, Joseph"]
[Black "Cohen, David"]
[Result "0-1"]
[WhiteElo "1955"]
[BlackElo "2067"]
[PlyCount "56"]
[GameId "2160767911743289"]
[EventDate "1999.06.18"]
[EventType "swiss"]
[EventRounds "5"]
[EventCountry "CAN"]

1. e4 c5 2. Nc3 Nc6 3. g3 Nf6 4. Bg2 g6 5. Nge2 Bg7 6. O-O O-O 7. d3 d6 8. Bg5 Bd7 9. Qd2 Re8 10. h3 a6 11. a4 Rb8 12. Kh1 b5 13. axb5 axb5 14. Bh6 Bh8 15. f4 b4 16. Nd1 Qc7 17. g4 Rec8 18. Ne3 Nd4 19. Nxd4 cxd4 20. Nc4 Bc6 21. f5 Bxe4 22. Bxe4 Nxe4 23. dxe4 Qxc4 24. fxg6 hxg6 25. Qg5 Qe6 26. Qf4 Rxc2 27. h4 Be5 28. Qg5 Qb3 0-1

[Event "Fathers Day op"]
[Site "Toronto CAN"]
[Date "1999.06.20"]
[Round "5"]
[White "Livshits, Ron"]
[Black "Williams, Paul"]
[Result "1-0"]
[WhiteElo "2520"]
[BlackElo "2350"]
[PlyCount "65"]
[GameId "2160767911743290"]
[EventDate "1999.06.18"]
[EventType "swiss"]
[EventRounds "5"]
[EventCountry "CAN"]

1. d4 Nf6 2. c4 e6 3. Nc3 d5 4. cxd5 exd5 5. Bg5 Be7 6. e3 c6 7. Bd3 Nbd7 8. Qc2 O-O 9. Nf3 Re8 10. O-O Nf8 11. h3 Be6 12. Ne5 N6d7 13. Bxe7 Rxe7 14. f4 f6 15. Nf3 Rc8 16. g4 c5 17. Qf2 a6 18. Rae1 c4 19. Bb1 b5 20. f5 Bf7 21. Ne2 b4 22. Nf4 Qc7 23. Kg2 Rce8 24. Rg1 Qb6 25. Kh1 a5 26. g5 fxg5 27. Nxg5 Nf6 28. Qg3 Ne4 29. Bxe4 dxe4 30. Rg2 Qf6 31. d5 Qxf5 32. Nxe4 Bxd5 33. Nxd5 1-0

[Event "Fathers Day op"]
[Site "Toronto CAN"]
[Date "1999.06.20"]
[Round "5"]
[White "Rajlich, Vasik"]
[Black "O'Donnell, Tom"]
[Result "1/2-1/2"]
[WhiteElo "2360"]
[BlackElo "2475"]
[PlyCount "78"]
[GameId "2160767911743291"]
[EventDate "1999.06.18"]
[EventType "swiss"]
[EventRounds "5"]
[EventCountry "CAN"]

1. e4 Nc6 2. d4 d5 3. Nc3 dxe4 4. d5 Ne5 5. Qd4 Ng6 6. Bb5+ Bd7 7. Nge2 Nf6 8. h4 c6 9. dxc6 bxc6 10. Ba4 e5 11. Qc4 h5 12. Bb3 Qe7 13. Bg5 Rc8 14. O-O-O Be6 15. Qa6 Qc7 16. Bxe6 fxe6 17. Ng3 Be7 18. Ncxe4 Nf4 19. Nd6+ Bxd6 20. Rxd6 Kf7 21. Rhd1 Rhd8 22. Ne4 N4d5 23. Bxf6 gxf6 24. a3 Ke7 25. Rxd8 Rxd8 26. c4 f5 27. Ng5 Nf4 28. Rxd8 Kxd8 29. c5 Ke7 30. g3 Nd5 31. b4 e4 32. b5 Kf6 33. Qxc6 Qe5 34. Qd6 Qc3+ 35. Kd1 Qd3+ 36. Ke1 Qb1+ 37. Ke2 Qd3+ 38. Ke1 Qb1+ 39. Ke2 Qd3+ 1/2-1/2

[Event "Fathers Day op"]
[Site "Toronto CAN"]
[Date "1999.06.20"]
[Round "5"]
[White "Veltmann, Martin"]
[Black "Sherman, Robert"]
[Result "1-0"]
[WhiteElo "2046"]
[BlackElo "1935"]
[PlyCount "105"]
[GameId "2160767911743292"]
[EventDate "1999.06.18"]
[EventType "swiss"]
[EventRounds "5"]
[EventCountry "CAN"]

1. e4 e5 2. Nf3 Nc6 3. Bb5 a6 4. Ba4 Nf6 5. O-O Be7 6. Re1 b5 7. Bb3 O-O 8. a4 Bb7 9. d3 d6 10. c3 Na5 11. Bc2 c5 12. Nbd2 Nd7 13. Nf1 f5 14. exf5 Rxf5 15. Ng3 Rf8 16. Ne4 h6 17. d4 cxd4 18. cxd4 d5 19. Ng3 e4 20. Nd2 Bf6 21. Ndf1 Nc4 22. axb5 axb5 23. Rxa8 Bxa8 24. b3 Na5 25. Ne3 Qb6 26. Nef5 Nc6 27. Be3 Ne7 28. Qg4 Nxf5 29. Nxf5 Kh7 30. Nxg7 Bxg7 31. Qxd7 Qa5 32. Rc1 Qb6 33. Qh3 Bb7 34. Rd1 Bc8 35. Qh5 Rf5 36. Qe8 Rf8 37. Qe7 Qg6 38. Kh1 Bg4 39. Rg1 Rc8 40. Bd1 Be6 41. Be2 Re8 42. Qc5 Bf8 43. Qxb5 Bd6 44. Qc6 Bb8 45. Ra1 Rg8 46. Rg1 Qf6 47. h3 Rc8 48. Qb6 Bc7 49. Qa6 Qf7 50. Rc1 Qd7 51. Bg4 Re8 52. Bxe6 Rxe6 53. Rxc7 1-0

[Event "Fathers Day op U2100"]
[Site "Toronto CAN"]
[Date "1999.06.19"]
[Round "2"]
[White "Veltmann, Alfred"]
[Black "Wang, Hao Yuan"]
[Result "0-1"]
[WhiteElo "1921"]
[BlackElo "2072"]
[PlyCount "64"]
[GameId "2160767911743293"]
[EventDate "1999.06.18"]
[EventType "swiss"]
[EventRounds "5"]
[EventCountry "CAN"]

1. e4 e6 2. d4 d5 3. Nd2 Nf6 4. e5 Nfd7 5. Bd3 c5 6. c3 Nc6 7. Ne2 Qb6 8. Nf3 f6 9. O-O cxd4 10. cxd4 fxe5 11. dxe5 Ndxe5 12. Nxe5 Nxe5 13. Nf4 Nxd3 14. Nxd3 Bd6 15. Qh5+ g6 16. Qh6 Bf8 17. Qe3 Qxe3 18. Bxe3 Bg7 19. Bc5 b6 20. Ba3 Ba6 21. Rfd1 Kf7 22. Rac1 Rhc8 23. b3 Bxd3 24. Rxd3 Rxc1+ 25. Bxc1 Rc8 26. Rf3+ Kg8 27. Ba3 Bf8 28. Rxf8+ Rxf8 29. Bxf8 Kxf8 30. Kf1 Ke7 31. Ke2 Kd6 32. f4 Kc5 0-1